Animal Crossing - les Villageois Souris [avec image] - Statistiques

Statistiques générales
  • Ce quiz a été pris 11 fois
  • Le résultat moyen est 9 sur 20
Statistiques - réponses
Par images Réponse % Correct
Marcel
70%
Greta
60%
Gruyère
60%
Joachim
60%
Mozzar
60%
Missy
50%
Quenotte
50%
Shimi
50%
Sourizzi
50%
Annie
40%
Belle
40%
Dora
40%
Sabrina
40%
Sucrette
40%
Barbara
30%
Carmen
30%
Chiquita
30%
Rapido
30%
Samson
30%
Steven
30%
Aucun quiz correspondant
Distribution des résultats
% des personnes avec chaque résultat
Percentile par nombre de réponses
Votre historique - résultats
Vous n’avez pas pris ce quiz